000 00487cam a2200205ua 4500
001 9718
005 20260515114520.0
008 160812n ii |||gr||||Z||||||eng
020 _a9788127244217
040 _cMAIN
041 _aeng
082 _a320
100 _aGhai, K.K.,
_eAuthor.
245 _aPolitical science-II
_cby K.K. Ghai
250 _a2nd rev. ed.
260 _aLudhiana:
_bKalyani publishers,
_c2008.
300 _a330p.
653 _aPolitical science
942 _cBK
999 _c8723
_d8723